| 000 | 00524nam a22001937a 4500 | ||
|---|---|---|---|
| 008 | 230630b |||||||| |||| 00| 0 eng d | ||
| 020 | _a978-93263-5175-1 | ||
| 040 |
_aNational Science Library _cNational Science Library |
||
| 080 |
_a82-3121NA _bQ7 |
||
| 100 | _aInamdar, Nagnath | ||
| 245 | _aशाहंशाह | ||
| 246 | _aShahanshah | ||
| 250 | _a6th ed. | ||
| 260 |
_aNew Delhi: _bBharatiya Jnanpith, _c2017 |
||
| 300 | _a703p. | ||
| 650 | _aShort story | ||
| 653 | _aLiterature | ||
| 942 |
_2udc _cHBK |
||
| 999 |
_c48461 _d48461 |
||